000 00663nam a22002177a 4500
999 _c15882
_d15882
003 AR-CdUCM
008 190308b ||||| |||| 00| 0 spa d
040 _aMUNICIPALIDAD PROVINCIAL DEL CUSCO
_cBIBLIOTECA MUNICIPAL DEL CUSCO
082 _a460.7 /
_bC55
100 _aCisneros, Luis Jaime
_92230
245 _aLengua española :
_bsegundo curso /
260 _aLima :
_bEdic.Peruanas simiente
_c1960.
300 _a190 paginas ;
_c21 cm.
500 _aDonación familia Nieto
505 _aContenido: Lecciones.
650 _aIdioma
_93027
650 _aLecturas
_96094
650 _aComunicación
_94985
942 _2ddc
_cLIBROS
945 _adavv
_d30/04/2019